| 000 | 00966nam a22002895a 4500 | ||
|---|---|---|---|
| 003 | EG-ScBUE | ||
| 005 | 20220306111534.0 | ||
| 008 | 111215s2021 ua f 000 f ara d | ||
| 017 | _a2020 / 17607 | ||
| 020 | _a9789778200782 | ||
| 040 |
_aEG-ScBUE _bara _erda _cEG-ScBUE _dEG-ScBUE |
||
| 043 | _af-ua--- | ||
| 082 | 0 | 4 |
_a892.773 _bف ا ر _222 |
| 100 | 1 |
_aفاروق، نبيل، _eمؤلف. _928140 |
|
| 245 | 1 | 2 |
_aالعقرب : _bسيف العدالة / _cد. نبيل فاروق. |
| 250 | _aالطبعة الأولى. | ||
| 264 | 1 |
_aالقاهرة : _bكيان للنشر والتوزيع، _c2021. |
|
| 300 |
_a214 صفحة ؛ _c18 سم |
||
| 336 |
_2rdacontent _aنص _btxt |
||
| 337 |
_2rdamedia _aبدون وسيط _bn |
||
| 338 |
_2rdacarrier _aمجلد _bnc |
||
| 541 | _aBook Fair 2022. | ||
| 650 | 7 |
_aالقصص العربية _zمصر _yقرن 21. _2BUEsh _911246 |
|
| 653 |
_bARALIT _cMarch2022 |
||
| 655 |
_vReading book _934232 |
||
| 942 |
_2ddc _cBB |
||
| 999 |
_c29851 _d29822 |
||